000 01155cam a22002891 4500
001 e 09000110
003 DLC
005 20260227111150.0
007 cr_|||||||||||
008 820616s1909 nyuach s000 0 eng c
010 _ae 09000110
035 _a(OCoLC)8524006
040 _aU.S. Off. of educ. Library
_cNBuU
_dOCoLC
_dDLC
050 0 0 _aE457.7
_b.N53
110 2 _aUniversity of the State of New York.
245 1 0 _aLincoln centenary, February 12, 1909;
_ba prospectus for the schools of the state;
_ccomp. by Harlan Hoyt Horner.
260 _aAlbany,
_bNew York state education department,
_c1909.
300 _a31. [1] p.
_bill. (incl. ports., facsims.)
_c22 cm.
500 _aAt head of title: New York state education department.
500 _aTitle vignette.
500 _aCovers included in pagination.
500 _a"Abraham Lincoln, a select reading list": p. 26-27.
530 _aAlso available in digital form on the Internet Archive Web site.
600 1 0 _aLincoln, Abraham,
_d1809-1865
_xAnniversaries, etc.
700 1 _aHorner, Harlan Hoyt,
_d1878-1965,
_ecomp.
856 4 1 _uhttp://hdl.loc.gov/loc.gdc/scd0001.00118377035
999 _c18761
_d18761